One Piece: Name the Island - Statistics

General Stats
  • This quiz has been taken 541 times
    164 since last reset
  • The average score is 10 of 12
Answer Stats
Picture Answer % Correct
Water 7
97%
Wano
91%
Loguetown
90%
Alabasta
87%
Fish Man Island
87%
Dressrosa
86%
Skypiea
85%
Drum Island
84%
Sabaody Archipelago
82%
Wholecake Island
81%
Little Garden
75%
Dawn Island
28%
No matching quizzes found
Score Distribution
Percent of People with Each Score
Percentile by Number Answered
Your Score History
You have not taken this quiz since the last reset